| 000 | 01421cam a2200301 i 4500 | ||
|---|---|---|---|
| 003 | SA-RiAUC | ||
| 005 | 20250531160500.0 | ||
| 008 | 250528s1987 ua g b 000 0 ara c | ||
| 040 |
_aAE-AiULD _bara _cSA-RiAUC _erda |
||
| 050 | 4 | _b.A5 1987 | |
| 082 | 0 | 4 | _a226.63 |
| 090 |
_a226.63 _b ز ك ر |
||
| 100 | 1 |
_aزكريا الأنصاري، زكريا بن محمد بن أحمد، _d823-926 هجري _eمؤلف. |
|
| 245 | 1 | 0 |
_aكتاب فتح الرحمن بكشف ما يلتبس في القرآن / _cتأليف زكريا الأنصاري ؛ تحقيق بهاء الدين عبد الموجود محمد ؛ قدم له وراجعه علي معبد فرغلي. |
| 246 | 3 | 0 | _aفتح الرحمن بكشف ما يلتبس في القرآن |
| 264 | 1 |
_aالقاهرة : _bدار الكتاب الجامعي، _c1987 |
|
| 300 |
_a499 صفحة ؛ _c24 سم |
||
| 336 |
_aنص _btxt _2rdacontent _3كتاب |
||
| 337 |
_aبدون وسيط _bn _2rdamedia |
||
| 338 |
_aمجلد _bnc _2rdacarrier |
||
| 504 | _aيشتمل على إرجاعات ببليوجرافية. | ||
| 630 | 2 | 7 |
_aالقرآن _xالمحكم والمتشابه _2aucut |
| 630 | 2 | 7 |
_aالقرآن _xأحكام _2aucut |
| 700 | 1 |
_aمحمد، بهاء الدين عبد الموجود _eمحقق. |
|
| 700 | 1 |
_aفرغلي، علي معبد، _dتوفي 2014 _eمقدم. |
|
| 942 |
_2ddc _cBOOK _n0 |
||
| 949 |
_aSA-JeALM _d250528 _umohamedma123 _n1 |
||
| 999 |
_c8570 _d8570 |
||